01690nam a2200445 i 450000100060000000300080000600500170001400600190003100700150005000800410006502000270010602000180013303500230015103500240017403500250019803500210022304000310024405000210027508000100029608200120030624501180031826400310043630000410046733600310050833700330053933800430057250000220061558801290063759001590076665000160092565000230094165100340096465100310099865500270102970000450105670000450110179700190114685600620116599900170122799880FlNmELB20241217173014.0m o d | cr cnu||||||||160912s2014 sp o 001 0 spa d a9788490317181 (e-book) z9788490312889 a(MiAaPQ)EBC4498978 a(Au-PeEL)EBL4498978 a(CaPaEBR)ebr11200712 a(OCoLC)984820371 aFINmELBbspaerdacFINmELB 4aDP161bL683 2014 a946.00 a94622304aLas Leyes de Burgos de 1512 :bV centenario /cRafael Sánchez Domingo, Fernando Suárez Bilbao, coordinadores. 1aMadrid :bDykinson,c2014. a1 recurso en línea (369 páginas) atextobtxt2rdacontent/spa acomputadorabc2rdamedia/spa arecurso en líneabcr2rdacarrier/spa aIncluye índice. aDescripción basada en recurso en línea; Título de la página del título en PDF (e-libro, visto September 12, 2016). aRecurso electronico. Santa Fe, Arg. : e-libro, 2016. Disponible via World Wide Web. El acceso puede ser limitado para las bibliotecas afiliadas a e-libro. 0aLawzSpain. 4aDerechozEspaña. 0aSpainxHistoryy16th century. 4aEspañaxHistoriayS XVI. 4aLibros electrónicos.1 aSánchez Domingo, Rafael,ecoordinador.1 aSuárez Bilbao, Fernando,ecoordinador.2 ae-libro, Corp.40uhttps://elibro.net/ereader/politecnicointernacional/57000 c99880d99880